Catálogo - Centro de Recursos para el Aprendizaje y la Investigación
Volver al Sitio - CRAI Biblioteca| 000 -CABECERA | |
|---|---|
| campo de control de longitud fija | 01602nam a2200253Ia 4500 |
| 001 - NÚMERO DE CONTROL | |
| campo de control | 113738 |
| 003 - IDENTIFICADOR DEL NÚMERO DE CONTROL | |
| campo de control | DR-UNIBE |
| 005 - FECHA Y HORA DE LA ÚLTIMA TRANSACCIÓN | |
| campo de control | 20250609090438.0 |
| 008 - DATOS DE LONGITUD FIJA--INFORMACIÓN GENERAL | |
| campo de control de longitud fija | 250605b2025 dr ||||| |||| 00| 0 spa d |
| 020 ## - NÚMERO INTERNACIONAL ESTÁNDAR DEL LIBRO | |
| Número Internacional Estándar del Libro | 9789945949407 |
| 040 ## - FUENTE DE LA CATALOGACIÓN | |
| Centro catalogador/agencia de origen | BIBLIOTECA UNIBE |
| Centro/agencia transcriptor | BIBLIOTECA UNIBE |
| Normas de descripción | rda |
| 041 ## - CÓDIGO DE LENGUA | |
| Código de lengua del texto/banda sonora o título independiente | spa |
| 082 0# - NÚMERO DE LA CLASIFICACIÓN DECIMAL DEWEY | |
| Número de clasificación | RD 863.5 C744L |
| 110 ## - ENTRADA PRINCIPAL--NOMBRE DE ENTIDAD CORPORATIVA | |
| Nombre de entidad corporativa o nombre de jurisdicción como elemento de entrada | Concurso Expresiones de Arte (CEBC) |
| 9 (RLIN) | 196199 |
| 245 0# - MENCIÓN DE TÍTULO | |
| Título | Lenguaje artístico : premios del primer concurso expresiones de arte CEBC 2023 |
| 260 4# - PUBLICACIÓN, DISTRIBUCIÓN, ETC. | |
| Lugar de publicación, distribución, etc. | Santo Domingo : |
| Nombre del editor, distribuidor, etc. | Club de Empleados del Banco Central, |
| Fecha de publicación, distribución, etc. | 2025 |
| 300 4# - DESCRIPCIÓN FÍSICA | |
| Extensión | 60 páginas : |
| Otras características físicas | ilustraciones, fotografías |
| 490 ## - MENCIÓN DE SERIE | |
| Mención de serie | Colección expresiones de arte ; |
| Designación de volumen o secuencia | vol. 1 |
| 505 ## - NOTA DE CONTENIDO CON FORMATO | |
| Nota de contenido con formato | Introducción |<br/> Cuento|<br/> Obra premiada. El piloto de Watermelon / Leonardo David Sanchez Contreras|<br/> Pintura|<br/> Obra premiada. Seulement 5% / Ángelo Rivas Lorenzo|<br/> Mención de honor. Mi gran árbol / Franchesca Rivas Lorenzo|<br/> Imagen digital|<br/> Obra premiada. Amistad de diferentes universos / Annabella Sánchez GonzáIez, |<br/> Mención de honor. Los pedidos del amor / Ángelo Rivas Lorenzo|<br/> Canto|<br/> Obra premiada. Mañana a las tres / Pedro A. Martínez Pérez|<br/> Mención de honor. Te ofrezco / Lía Rachelle Colón|<br/> Ganadores del concurso expresiones de arte CEBC 2023|<br/> Miembros del jurado del concurso expresiones de arte CEBC 2023|<br/> Miembros de la Junta Directiva del Club de Empleados del Banco Central de la República Dominicana |<br/> |
| 650 ## - PUNTO DE ACCESO ADICIONAL DE MATERIA--TÉRMINO DE MATERIA | |
| Término de materia o nombre geográfico como elemento de entrada | Cuentos dominicanos |
| 9 (RLIN) | 104927 |
| 650 ## - PUNTO DE ACCESO ADICIONAL DE MATERIA--TÉRMINO DE MATERIA | |
| Término de materia o nombre geográfico como elemento de entrada | Literatura dominicana |
| 9 (RLIN) | 104928 |
| 951 ## - EQUIVALENCIA O REFERENCIA-CRUZADA--NOMBRE GEOGRÁFICO/NOMBRE DE ÁREA [OBSOLETO] [solamente CAN/MARC] | |
| Nombre geográfico | 20061022 10:18:00 |
| 942 ## - ELEMENTOS DE PUNTO DE ACCESO ADICIONAL (KOHA) | |
| Tipo de ítem Koha | Libro (general) |
| Fuente del sistema de clasificación o colocación | Sistema de Clasificación Decimal Dewey |
| Estado de retiro | Estado de pérdida | Fuente del sistema de clasificación o colocación | No para préstamo | Código de colección | Localización permanente | Ubicación/localización actual | Fecha de adquisición | Total de préstamos | Signatura topográfica completa | Código de barras | Fecha visto por última vez | Número de copia | Precio válido a partir de | Tipo de ítem Koha |
|---|---|---|---|---|---|---|---|---|---|---|---|---|---|---|
| Disponible | Sistema de Clasificación Decimal Dewey | General - Libros dominicanos | Biblioteca Central UNIBE | Biblioteca Central UNIBE | 09/06/2025 | RD 863.5 C744L | 250670 | 09/06/2025 | Ej. 1 | 09/06/2025 | Libro (general) |